000 00799nam a22002177a 4500
999 _c6222
_d6222
003 AR-CdUCM
008 190314b ||||| |||| 00| 0 spa d
040 _aMUNICIPALIDAD PROVINCIAL DEL CUSCO
_cBIBLIOTECA MUNICIPAL DEL CUSCO
082 _a869.501 /
_bU42
110 _aUniversidad Nacional de San Antonio Abad del Cusco
_915942
245 _aCuadernos de Arte y Literatura :
_bPresencia a Vallejo /
260 _aCuzco :
_bUniversidad Nacional de San Anotiono Abad del Cusco,
_c1967.
300 _a57 paginas ;
_c22cm.
_bDibujos,
440 _aUniversidad Nacional de San Antonio Abad del Cusco
_n2
_917933
505 _aContenido : Homenaje a Cesar Vallejo.
650 _aHomenaje a Vallejo
_917934
650 _aPoemas
_9929
650 _aLiteratura
_983
942 _2ddc
_cLIBROS
945 _arcc